000 00693nam a2200277Ia 4500
003 OSt
005 20221006142631.0
006 a|||||r|||| 00| 0
007 ta
008 221006b |||||||| |||| 00| 0 eng d
020 _c958.00
024 _a6,818
037 _cTextual
040 _aEASL
_cEASL
_beng
041 _2eng
_aeng
082 _aY:1.41.A, N0
100 _aLOEWE Michael
245 0 _aPride that was China
260 _aNew York
_bSidgwick and Jackson
_c1966
300 _a312p.
_ccm.
490 _v CEL
650 _a China civilization
_9583158
650 _aCEL
942 _hY:1.41.A, N0
_cTEXL
_2CC
999 _c1074904
_d1074904